|
|
|
|
| LEADER |
00000naa2a2200000 4500 |
| 001 |
634012 |
| 005 |
20231101133805.0 |
| 035 |
|
|
|a (RuTPU)RU\TPU\conf\35762
|
| 035 |
|
|
|a RU\TPU\conf\35761
|
| 090 |
|
|
|a 634012
|
| 100 |
|
|
|a 20211221d2021 k y0rusy50 ba
|
| 101 |
0 |
|
|a eng
|
| 102 |
|
|
|a RU
|
| 105 |
|
|
|a y z 101zy
|
| 135 |
|
|
|a drgn ---uucaa
|
| 181 |
|
0 |
|a i
|
| 182 |
|
0 |
|a b
|
| 200 |
1 |
|
|a The Importance of English in the IT Engineering Profession
|f О. А. Чернова
|g sci. adv. T. N. Anufrieva
|
| 203 |
|
|
|a Текст
|c электронный
|
| 230 |
|
|
|a 1 компьютерный файл (pdf; 376 Kb)
|
| 300 |
|
|
|a Заглавие с экрана
|
| 320 |
|
|
|a [Библиогр.: с. 110 (4 назв.)]
|
| 330 |
|
|
|a The article reveals the significance of English language skills in the IT engineering profession. The necessity of learning this language for engineering students is highlighted, as well as the main advantages of language proficiency. It also emphasizes the impact of learning English on development of the personality of a future specialist. Moreover, the pluses of programming in English are considered.
|
| 463 |
|
0 |
|0 (RuTPU)RU\TPU\conf\35745
|t Лингвистические и культурологические аспекты современного инженерного образования
|o сборник материалов II Международной научно-практической конференции, Томск, 10-12 ноября 2021 г.
|f Национальный исследовательский Томский политехнический университет (ТПУ); гл. ред. Ю. В. Кобенко
|v [С. 108-110]
|d 2021
|
| 610 |
1 |
|
|a электронный ресурс
|
| 610 |
1 |
|
|a труды учёных ТПУ
|
| 610 |
1 |
|
|a knowledge of language
|
| 610 |
1 |
|
|a programmer engineer
|
| 610 |
1 |
|
|a development of personality
|
| 610 |
1 |
|
|a English language
|
| 610 |
1 |
|
|a main features of learning English
|
| 610 |
1 |
|
|a programming
|
| 610 |
1 |
|
|a языкознание
|
| 610 |
1 |
|
|a программисты
|
| 610 |
1 |
|
|a развитие
|
| 610 |
1 |
|
|a английский язык
|
| 610 |
1 |
|
|a программирование
|
| 610 |
1 |
|
|a IT-специалисты
|
| 700 |
|
1 |
|a Чернова
|b О. А.
|
| 702 |
|
1 |
|a Anufrieva
|b T. N.
|4 727
|
| 712 |
0 |
2 |
|a Национальный исследовательский Томский политехнический университет
|b Школа базовой инженерной подготовки
|b Отделение иностранных языков
|h 8029
|2 stltpush
|3 (RuTPU)RU\TPU\col\23510
|
| 801 |
|
2 |
|a RU
|b 63413507
|c 20220125
|g RCR
|
| 856 |
4 |
|
|u http://earchive.tpu.ru/handle/11683/69243
|
| 942 |
|
|
|c BK
|